[Event "Baku FIDE GP"]
[Site "Baku"]
[Date "2014.10.08"]
[Round "6"]
[White "Karjakin, Sergey"]
[Black "Gelfand, Boris"]
[Result "1/2-1/2"]
[WhiteElo "2767"]
[BlackElo "2748"]
[Annotator "Havasi,G"]
[PlyCount "61"]
[EventDate "2014.10.02"]
[EventType "tourn"]
[EventRounds "11"]
[EventCountry "AZE"]
[EventCategory "21"]
[SourceTitle "CBM 163"]
[Source "ChessBase"]
[SourceDate "2014.11.11"]
[SourceVersion "1"]
[SourceVersionDate "2014.11.11"]
[SourceQuality "1"]

1. e4 c5 2. Nf3 d6 3. d4 cxd4 4. Nxd4 Nf6 5. Nc3 a6 6. h3 e5 7. Nb3 (7. Nde2 {
is the usual move, after which the position is of a positional nature, for
example} h5 8. Bg5 Be6 9. Bxf6 Qxf6 10. Nd5 Qd8 11. Nec3 g6 12. Bc4 Bh6 13. O-O
O-O 14. Bb3 Nc6 15. Qd3 Rc8 $13 {Nakamura-Vachier Lagrave, Saint Louis 2014})
7... Be6 8. f4 $5 {This is an interesting and rare line.} (8. Be3 {would be a
normal move, which transposes to the English Attack. A possible line is} Be7 9.
Qf3 O-O 10. O-O-O Qc7 11. g4 Rc8 12. Kb1 {with a typical English Attack
position, Anand-L'Ami, Wijk aan Zee 2013 see the game annotated in CBM 153.})
8... g6 $5 $146 {This is Gelfand's novelty. White wanted to suprise Black, but
after this move it seems that the one who is suprised is White. The idea of
this move is to avoid f5, but Black will have some ideas in connection with ...
Nh5. Of course Black had other typical Najdorf possibilites like ...Be7, ...b5,
...Nbd7.} (8... b5 9. f5 Bc8 10. Bg5 Bb7 11. Qf3 Nbd7 12. O-O-O Be7 13. Kb1 Rc8
$13 {Grischuk-Wojtaszek, Riga 2013}) (8... Be7 9. f5 Bc8 10. Qf3 b5 11. a3 Bb7
{after which Black had a very nice position, but White worsened the position
even move and played the dubious} 12. g4 $2 {which was met by} d5 $1 13. exd5
e4 14. Qe2 Nxd5 $36 {Sutovsky-Wojtaszek, Bilbao 2014}) (8... Nbd7 9. g4 (9. f5
Bxb3 10. axb3 d5 $1 $132 {is the point}) 9... b5 10. Bg2 Nb6 11. g5 Nfd7 12. f5
Bc4 13. Na5 Rc8 14. Qd2 (14. a3 $5 {was a possible way to prevent ...b4}) 14...
b4 15. Nd1 Bb5 16. a3 d5 $1 17. exd5 Nc4 18. Nxc4 Rxc4 19. a4 Rd4 20. Qf2 Bc4
21. Be3 Bc5 22. Bxd4 exd4 $40 {Khismatullin-Duda, Yerevan 2014}) 9. Qf3 {
The most logical way to develop.} (9. Be2 {is also possible} Nbd7 (9... Nh5 {
doesn't work because of} 10. Bxh5 Qh4+ 11. Kf1 gxh5 12. f5 Bc4+ 13. Kg1 Rg8 14.
Na5 $1 {this is the point, otherwise Black would be fine} d5 15. Nxc4 dxc4 16.
Be3 $14) 10. O-O b5 11. f5 gxf5 12. exf5 Bc4 $13 {and the chances are about
even in a very unclear position}) (9. fxe5 Nh5 $1 $132 {is the strongest, but
9...dxe5 is also good.}) 9... Nc6 (9... d5 {is not so good, as after} 10. Bd3
$1 (10. fxe5 Nxe4 11. Nxe4 dxe4 12. Qxe4 Nc6 $132) (10. exd5 Nxd5 11. Bd2 Nxc3
12. Bxc3 Nc6 {is also good}) 10... Nc6 11. O-O $36 {White has a nice position})
(9... Be7 {is another possibility} 10. Be3 exf4 11. Bxf4 Nh5 $1 (11... O-O 12.
O-O-O $36) 12. Bh2 Bh4+ 13. g3 Bg5 {and Black has no problem.}) 10. Be3 (10. f5
{leads to a very complicated position, but Black shouldn't worry, because after
} gxf5 11. exf5 Bxb3 12. axb3 Be7 13. g4 d5 $1 {he is just in time with the
counterplay.}) 10... exf4 $1 {This is the only sensible move, which makes use
of 8...g6, as he will be able to play ...Nh5.} 11. Bxf4 Nh5 $1 {This is
practically the only move, as if White can castle long without losing the B
pair, he has a nice position, but he can't do so, as if White plays 12.Bh2,
Black can choose from several good moves.} (11... Ne5 12. Qe3 Qc7 13. O-O-O $36
) 12. Bh2 Qh4+ (12... Bh6 {would be inaccurate, as White plays} 13. Rd1 $1 Qg5
14. Qf2 $1 {preparing g4, after which the threat is g4 Nf4 h4 Qxg4 Rg1
trapping the N} (14. g4 Nf4 $132) 14... O-O 15. Bxd6 $36) (12... Ne5 $5 {
was also good, if Black doesn't want to exchange Qs.}) 13. g3 {White
temporarily closes the diagonal of the B...} Qg5 14. g4 {, but immediately
opens it.} Qh4+ $1 (14... Bh6 {would be a mistake, as White has the strong} 15.
Qf2 $1 Nf6 16. Be2 $36 {with initiative.}) 15. Qf2 Qxf2+ 16. Kxf2 Nf6 {It's
time to look at the position after the exchange of the Qs. Black has a weak
pawn on d6, but in return has control over the e5-square. Black seems to have
fully equalised.} 17. Rd1 Ne5 18. Nd4 (18. Na5 O-O-O 19. Rd4 {is the
computer's suggestion, but Black is perfectly fine after} Be7) 18... Be7 {
Of course, Black could also play Rc8 and Nfd7, both are very typical.} 19. Bg2
$6 {In my opinion this is a bit pointless, as the B isn't doing too much on g2.
} (19. Be2 Nfd7 $13) (19. g5 $1 Nfd7 20. Bf4 O-O 21. Kg3 Rac8 22. Nxe6 fxe6 23.
h4 {seems the best and according to the computer White even has some pressure,
but the position is about equal.}) 19... Rc8 20. Rhe1 (20. Nd5 Nxd5 21. exd5
Bd7 $15 {and Black has a very nice and stable advantage because of the
e5-knight.}) 20... Nfd7 $1 21. Nce2 {Karjakin prepares for b3.} Bh4+ {Black
wants to exchange the "bad" bishop, but this wasn't really needed.} (21... Bd8
{and}) (21... h5 {also came into consideration.}) 22. Bg3 Bxg3+ 23. Kxg3 Ke7
24. Nf4 h6 {Preparing for ...Nf6.} 25. Re3 (25. Rd2 {seems to be better} Nf6
26. Nd3 $11) 25... Nf6 26. Kf2 $6 {White gives Black a chance...} (26. Bf3 $1
$11) 26... Rc5 {...but Black misses it.} (26... Bxg4 $1 {was the right move}
27. hxg4 Nexg4+ 28. Ke2 Nxe3 29. Kxe3 Rhe8 $15 {and the only one who can win
is Black.}) 27. Kg1 $11 Rhc8 28. b3 Rc3 (28... b5 {was still better.}) 29. Rxc3
Rxc3 30. Nfe2 Rc5 31. c4 1/2-1/2

[Event "Moscow Petrosian Memorial"]
[Site "Moscow"]
[Date "1995.??.??"]
[Round "7"]
[White "Iordachescu, Viorel"]
[Black "Zagrebelny, Sergey"]
[Result "1-0"]
[WhiteElo "2425"]
[BlackElo "2510"]
[Annotator "Hecht,H"]
[PlyCount "167"]
[EventDate "1995.??.??"]
[EventType "tourn"]
[EventRounds "11"]
[EventCountry "RUS"]
[EventCategory "10"]
[SourceTitle "CBM 046"]
[Source "ChessBase"]
[SourceDate "1995.06.01"]
[SourceVersion "1"]
[SourceVersionDate "1995.06.01"]
[SourceQuality "1"]

1. e4 c5 2. Nf3 d6 3. d4 cxd4 4. Nxd4 Nf6 5. Nc3 a6 6. Be3 e5 7. Nb3 Be6 8. Qd2
Be7 9. f3 O-O 10. O-O-O a5 11. Bb5 Na6 12. Kb1 Nc7 13. Qe2 Nxb5 14. Qxb5 a4 15.
Nc5 a3 16. b3 Qc8 17. N5a4 Ra6 18. Qd3 Bd8 19. g4 Bd7 20. g5 Ne8 21. h4 Kh8 22.
Nb5 f5 23. c4 Bc6 24. Nac3 Be7 25. Bc1 Qa8 26. Nd5 Bd8 27. Rhf1 Qc8 28. f4 g6
29. fxe5 dxe5 30. Bxa3 Rxa3 31. Nxa3 Nd6 32. exf5 gxf5 33. Nb5 Ne4 34. Nbc3 Nc5
35. Qe3 Nd7 36. Nf6 f4 37. Qe2 Nxf6 38. gxf6 Bxf6 39. Qc2 f3 40. Nd5 Bg7 41. h5
Qg4 42. h6 Bxh6 43. Rh1 Qe6 44. Nc7 Qf6 45. Nd5 Qe6 46. Rh2 Be8 47. Nc7 Qg6 48.
Nxe8 Qxc2+ 49. Kxc2 Bf4 50. Rf2 e4 51. Nd6 Bxd6 52. Rxd6 e3 53. Rxf3 Rxf3 54.
Kd3 Rf2 55. Kxe3 Rxa2 56. Rd8+ Kg7 57. Rd7+ Kg6 58. Rxb7 h5 59. Kf4 h4 60. Kg4
Rh2 61. Re7 (61. c5 $2 Rc2 62. Rb6+ Kf7 63. c6 Ke7 64. b4 Rc4+ 65. Kh3 Kd6 66.
b5 Kc7 67. Rb7+ Kc8 $10 {Weiß spielt ohne König}) 61... Kf6 62. Re3 Rh1 63. Rh3
$1 Rg1+ 64. Kxh4 Ke5 65. Rg3 Rh1+ 66. Kg4 Kd4 67. Kf5 Re1 68. Rg8 Re3 69. Rd8+
Kc5 70. Rd5+ Kc6 71. Rb5 Re1 72. Kf4 Re8 73. b4 Re1 74. Rc5+ Kb6 75. Kf3 Re8
76. Rb5+ Kc6 77. Rh5 Re1 78. b5+ Kb6 79. Rh6+ Kc5 80. Rc6+ Kd4 81. b6 Rf1+ 82.
Ke2 Rb1 83. c5 Rb2+ 84. Kf3 1-0

[Event "Mermaid Beach Club"]
[Site "Bermuda"]
[Date "1999.01.28"]
[Round "8"]
[White "Waitzkin, Joshua"]
[Black "Pelletier, Yannick"]
[Result "1/2-1/2"]
[WhiteElo "2467"]
[BlackElo "2483"]
[Annotator "Hecht,H"]
[PlyCount "139"]
[EventDate "1999.01.21"]
[EventType "tourn"]
[EventRounds "13"]
[EventCountry "BER"]
[EventCategory "9"]
[SourceTitle "CBM 069"]
[Source "ChessBase"]
[SourceDate "1999.04.01"]
[SourceVersion "1"]
[SourceVersionDate "1999.04.01"]
[SourceQuality "1"]

1. e4 c5 2. Nf3 d6 3. d4 cxd4 4. Nxd4 Nf6 5. Nc3 a6 6. Rg1 e6 7. g4 d5 8. exd5
Nxd5 9. Nxd5 Qxd5 10. Be3 Qa5+ 11. c3 Be7 12. g5 O-O 13. Bd3 e5 14. Nb3 Qa4 15.
Qh5 g6 16. Qf3 Nc6 17. h4 Rd8 18. Be4 Be6 19. Nc5 Bxc5 20. Bxc5 Qb5 21. b4 Qc4
22. h5 Bd5 23. Bxd5 Rxd5 24. hxg6 hxg6 25. Rc1 Rd3 26. Rg4 Qe6 27. Be3 Qf5 28.
Qh3 e4 29. Rh4 Qxh3 30. Rxh3 Rc8 31. a3 Nd4 32. Kf1 Nf5 33. c4 Rxa3 34. Kg2 Rd8
35. Bb6 Rdd3 36. Rh2 Ra2 37. Rch1 Rg3+ 38. Kf1 Ra1+ 39. Ke2 Ra2+ 40. Kf1 Ra1+
41. Ke2 Rxh1 42. Rxh1 Rb3 43. Rd1 Rxb4 44. Rd8+ Kg7 45. Bc7 f6 46. Rd7+ Kf8 47.
gxf6 Rxc4 48. Be5 Rc5 49. Bf4 b6 50. Kf1 a5 51. Ra7 g5 52. Bc7 Rc6 53. Be5 {
[#] Es folgt ein witziger kombinatorischer Übergang in ein Endspiel Läufer +
Bauer gegen drei Bauern.} Nd6 $2 {[%mdl 12288] Es fällt schwer, einen
schwarzen Zug mit Gewinnaussichten zu finden.} (53... Re6 54. Ra8+ $2 (54. Bb2
$1 {[%cal Rb2a3]}) 54... Re8 55. Rxe8+ Kxe8 56. Bc7 a4 57. Bxb6 a3 58. Ba5 Kf7
59. Bc3 Nh6 60. Ke2 Ng4 61. f3 Nxf6 $19) (53... e3 54. Ra8+ Kf7 55. Ra7+ Ke6
56. f7 Rc8 57. Bc7 {[%csl Ra5,Rb6]}) (53... Nh6 54. Ke2 {kann auch nicht
begeistern.}) 54. Rc7 $1 Rxc7 {Sehr interessant ist der Übergang in das
Endspiel Turm vs Springer, was Schwarz nur wird remis halten können, wenn er
die bauern e+g behält.} (54... Nc4 55. Rxc6 Nxe5 56. Rxb6 Kf7 57. Ra6 Ng4 $1 (
57... Kg6 58. Re6 Ng4 (58... Nc4 59. Ke2 $18) (58... Nf3 59. Kg2 Nd2 60. Ra6 a4
61. Rxa4 Kxf6 62. Rd4 $18) 59. Rxe4 Nxf6 60. Ra4 $18) (57... Nd7 58. Ra7 Ke6
59. f7 Nf8 60. Rxa5 Kf6 61. Ke2 Ne6 62. Ke3 $18) 58. Ke2 Nxf6 59. Rxa5 (59. Ke3
Ng4+ 60. Kxe4 Nxf2+ 61. Kf5 g4 $11) 59... Kg6 60. Re5 Kh6 (60... Kh5) 61. Re6
Kg6 62. Ke3 Kf5 $11) 55. Bxd6+ Kf7 56. Bxc7 Kxf6 57. Bxb6 a4 {[#] Witziges
Endspiel Läufer gegen zwei Bauern mit echoartigem Opfer der schwarzen Bauern e
oder g, je nachdem ob sich der weiße König auf g2 oder e2 aufhält. Der weit
entfernte a-Freibauer bindet den Läufer, so daß dem Weißen sogar die Eroberung
des e-Bauern nichts nutzt.} 58. Bc5 Kf5 59. Kg2 (59. Ke2 Kf4 60. Bd6+ Kf5 61.
Ke3 Ke6 62. Ba3 Kf5 63. Bb2 g4 64. Ba3 Ke5 65. Bc1 Kf5 66. Bb2 g3 67. fxg3 Kg4
68. Kf2 e3+ 69. Kg2 e2 70. Bc3 a3 71. Kf2 a2 72. Be5 e1=Q+ 73. Kxe1 a1=Q+ $11)
59... Kf4 60. Bd6+ Kg4 61. Bc5 Kf4 62. Ba3 g4 63. Bc1+ Kf5 64. Kg3 {[#]} e3 $1
65. Bxe3 (65. fxe3 Ke4 66. Kf2 a3 67. Bxa3 g3+ 68. Ke2 g2 69. Kf2 g1=Q+ $11)
65... a3 66. Bd4 a2 67. Ba1 $11 {Praktisch haben wir nun ein Bauernendspiel
vor uns, da der Läufer als Bewacher des Ba2 ausfällt und nicht die wichtigen
Felder f4/g5 kontrollieren kann.} Kg5 68. Kh2 Kf4 69. Kg2 Ke4 70. Kg3 1/2-1/2

[Event "EU-ch 4th"]
[Site "Istanbul"]
[Date "2003.06.05"]
[Round "6"]
[White "Inarkiev, Ernesto"]
[Black "Shneider, Aleksandr"]
[Result "0-1"]
[WhiteElo "2568"]
[BlackElo "2497"]
[Annotator "Hecht,H"]
[PlyCount "185"]
[EventDate "2003.05.30"]
[EventType "swiss"]
[EventRounds "13"]
[EventCountry "TUR"]
[SourceTitle "CBM 096"]
[Source "ChessBase"]
[SourceDate "2003.09.25"]
[SourceVersion "1"]
[SourceVersionDate "2003.09.25"]
[SourceQuality "1"]

1. e4 c5 2. Nf3 d6 3. d4 cxd4 4. Nxd4 Nf6 5. Nc3 a6 6. Be3 e5 7. Nb3 Be6 8. f3
Nbd7 9. g4 Nb6 10. g5 Nh5 11. Qd2 Be7 12. O-O-O Rc8 13. Kb1 O-O 14. Rg1 g6 15.
Bd3 Qc7 16. Qf2 Nc4 17. Bxc4 Bxc4 18. Bb6 Qb8 19. Qd2 Be6 20. Nc1 Rc6 21. Be3
Rfc8 22. N1e2 Qc7 23. Rc1 Rc4 24. Nd5 Bxd5 25. exd5 Qd7 26. b3 Rh4 27. Rg2 Qh3
28. Rf2 Ng7 29. Re1 Qd7 30. Rg2 Nf5 31. Bf2 Rh3 32. Bg3 Qd8 33. f4 exf4 34. Ng1
Rxg3 35. hxg3 fxg3 36. Nf3 Bf8 37. Re4 h6 38. Nd4 hxg5 39. Ne2 Bg7 40. c3 Qf6
41. Kb2 b5 42. a3 a5 43. Qd3 Rb8 44. b4 axb4 45. axb4 Rc8 46. Rg1 Kh7 47. Kb3
Kg8 48. Rg2 Rb8 49. Rg1 Kh7 50. Rh1+ Kg8 51. Rg1 Qd8 52. Nxg3 Nxg3 53. Qxg3 Rc8
54. Rc1 Qf6 55. Qe3 Rf8 56. Re8 Qf5 57. Rd1 g4 58. Rxf8+ Bxf8 59. Qe2 Qd7 60.
Rg1 f5 61. c4 bxc4+ 62. Kxc4 Qc7+ 63. Kb3 Bg7 64. Qc4 Qe7 65. Rg2 Qe3+ {
Die Position ist annähernd ausgeglichen - doch nun folgt ein ausgesprochenes
Hauen und Stechen, das nur schwer nachzuvollziehen ist.} 66. Ka4 g3 67. Kb5 ({
Die schwarzen Freibauern sind wohl auch mit dem Dauerschachversuch} 67. Qh4 f4
68. Qd8+ Bf8 69. Qf6 Qe4 70. Qe6+ Qxe6 71. dxe6 d5 72. Kb5 Kg7 73. Kc6 Bxb4 74.
Kxd5 Kf6 {nicht zu stoppen}) 67... f4 68. Re2 Qf3 69. Re8+ Kh7 70. Re7 Kh6 71.
Kc6 g2 72. b5 g1=Q 73. b6 Qff2 74. Kd7 Qg4+ {Offenbar dominierte schon vorher
und bis zum Partieschluss die einer Turnierpartie unwürdige dem Rapidschach
oder noch besser Blitzschach entlehnte Zeitnotschlacht! Das Resultat 1-0 ist
jedenfalls purer Zufall.} ({Einfach gewann} 74... Qxb6 75. Qxf4+ Qg5 76. Qh2+
Qh5 $19) 75. Kc7 Qd4 76. Qc6 Bf6 77. Rd7 Qc5 (77... f3 78. b7 f2 79. b8=Q f1=Q
{[#] ein seltenes Bild mit 5 (fünf!) Damen auf dem Brett.} 80. Qf8+ Kg5 $19)
78. Qxc5 dxc5 79. b7 f3 80. b8=Q Qf4+ 81. d6 Qe5 $2 {Nachdem Schwarz
beharrlich f2 auslässt, war jedes Resultat möglich, wie den restlichen teils
grob fehlerhaften Zügen leicht zu entnehmen ist.} (81... f2 $19) 82. Qf8+ Kg5
83. Rf7 Qe6 $4 (83... f2 84. Rxf6 Qxf6 85. Qxf6+ Kxf6 86. d7 f1=Q 87. d8=Q+ Kg7
$19) 84. Rh7 $4 (84. Rxf6 $18) 84... Kf5 85. Re7 Qd5 $2 86. Qc8+ (86. Rf7 $18)
86... Kg5 87. Re3 Qd4 $2 88. Re6 $2 Qa4 89. Rxf6 Qa7+ $2 90. Kd8 $2 Kxf6 91. d7
Kf7 $2 92. Qc7 $2 (92. Qb7 $3 {Letzte Chance zum klaren Remis ausgelassen, was
der Partie den angemessenen Schluss beschert hätte.}) 92... Qxc7+ 93. Kxc7 {
Offenbar ZÜ} (93. Kxc7 f2 94. d8=Q f1=Q 95. Qd5+ Kf6 96. Qxc5 $11 {laut
Tablebase, was nackte Theorie ist.}) 0-1

[Event "Corus-B"]
[Site "Wijk aan Zee"]
[Date "2001.01.27"]
[Round "10"]
[White "De Vreugt, Dennis"]
[Black "Vink, Nico"]
[Result "0-1"]
[WhiteElo "2452"]
[BlackElo "2335"]
[Annotator "Hecht,H"]
[PlyCount "126"]
[EventDate "2001.01.13"]
[EventType "tourn"]
[EventRounds "11"]
[EventCountry "NED"]
[EventCategory "10"]
[SourceTitle "CBM 081"]
[Source "ChessBase"]
[SourceDate "2001.03.20"]
[SourceVersion "1"]
[SourceVersionDate "2001.03.20"]
[SourceQuality "1"]

1. e4 c5 2. Nf3 d6 3. d4 cxd4 4. Nxd4 Nf6 5. Nc3 a6 6. Be3 e5 7. Nb3 Be6 8. f3
Nbd7 9. g4 h6 10. Qd2 b5 11. O-O-O Rc8 12. h4 Nb6 13. Qf2 Na4 14. Nd5 Nxd5 15.
exd5 Bd7 16. Bd3 h5 17. Rdg1 Qc7 18. gxh5 Rxh5 19. Rg5 Rh8 20. Qg1 a5 21. Bd2
Nc5 22. Nxc5 Qxc5 23. Qxc5 Rxc5 24. Bxa5 g6 25. Rg2 Rxd5 26. Bb6 Bh6+ 27. Kb1
Bf4 28. Be4 Rxh4 29. Rhg1 Rd2 30. Rxd2 Bxd2 31. Rd1 f5 32. Bb7 e4 33. fxe4 fxe4
34. Bf2 Rh2 35. Bg3 Rh3 36. Be1 Rh1 37. Bxe4 Rxe1 38. Bxg6+ Ke7 39. Rxe1+ Bxe1
40. Bd3 {Zwei gegen einen Läufer bei minimalem Bauernmaterial.} b4 41. a3 {
Was passiert, wenn Weiß passt und lediglich den Läufer zwischen a4 und b3
pendeln lässt?} (41. Bc4 Kf6 42. Kc1 Ke5 43. Kb1 Be6 44. Bb5 Kd4 45. Ba4 Ke3
46. Kc1 Bh4 47. Kb1 Kd2 48. Bb5 Bf5 49. Ba4 Bf6 50. Bb3 Be4 51. Ba4 d5 52. Bb3
d4 53. Ba4 d3 54. cxd3 Bxd3+ 55. Ka1 Kc1 56. a3 Bxb2+ 57. Ka2 Bb1+ 58. Kb3 bxa3
$19) 41... bxa3 42. bxa3 Kf6 43. Kb2 Ba4 44. Be4 Ke5 45. Bd3 Kd4 46. Bg6 Bc3+
47. Kc1 Bc6 48. Bh5 Kc5 49. Bf7 d5 50. Kb1 Kb5 51. Ka2 Ka4 52. Be6 Bg7 53. Bf7
Bf8 54. Bh5 Bb5 55. Bf7 Bc4+ 56. Kb2 Bxa3+ 57. Kc3 Kb5 58. Kd2 Kb4 59. Be6 Bb2
60. Bf7 Be5 61. Be6 Bf4+ 62. Kd1 Kc3 63. Bf7 d4 (63... d4 64. Bg6 Be6 65. Be4
Bg4+ 66. Ke1 Bd2+ 67. Kf2 Bd1 $19) 0-1

[Event "Elbow Beach Club GM-B"]
[Site "Paget Parish"]
[Date "2001.01.20"]
[Round "2"]
[White "Becerra Rivero, Julio"]
[Black "Shahade, Gregory P"]
[Result "1/2-1/2"]
[WhiteElo "2538"]
[BlackElo "2456"]
[Annotator "Hecht,H"]
[PlyCount "128"]
[EventDate "2001.01.19"]
[EventType "tourn"]
[EventRounds "11"]
[EventCountry "BER"]
[EventCategory "9"]
[SourceTitle "CBM 081"]
[Source "ChessBase"]
[SourceDate "2001.03.20"]
[SourceVersion "1"]
[SourceVersionDate "2001.03.20"]
[SourceQuality "1"]

1. e4 c5 2. Nf3 d6 3. d4 cxd4 4. Nxd4 Nf6 5. Nc3 a6 6. Be3 e5 7. Nf3 Be7 8. Bc4
O-O 9. Qd3 Be6 10. O-O Bxc4 11. Qxc4 b5 12. Qd3 Nbd7 13. a3 Qc7 14. Rfd1 Rfc8
15. Nd2 h6 16. Nf1 Qc4 17. f3 Qxd3 18. Rxd3 Rc6 19. Bf2 Kf8 20. h4 g6 21. g3
Bd8 22. Rad1 Ke7 23. Ne3 Ne8 24. a4 bxa4 25. Nxa4 Kf8 26. b3 Nb6 27. Nb2 a5 28.
Ra1 Nd7 29. Na4 Nb6 30. Rdd1 Nxa4 31. Rxa4 Nc7 32. Rc4 Raa6 33. Rxc6 Rxc6 34.
Nc4 Nb5 35. Rd5 Nc3 36. Rxd6 Rxd6 37. Nxd6 a4 38. Nc4 axb3 39. cxb3 f6 40. Kf1
Kf7 41. Ke1 Ke6 42. Kd2 Nb5 43. Kd3 Be7 44. Nb6 Bf8 45. Nd5 f5 46. Nc3 Nc7 47.
Kc4 Ne8 48. Bc5 Bxc5 49. Kxc5 {[#] Klarer weißer Mehrbauer bei starker
Königsstellung.} g5 50. hxg5 hxg5 51. b4 Nd6 (51... g4 52. exf5+ ({
langwieriger wäre} 52. fxg4 f4 53. gxf4 exf4 54. Kd4 Nf6 55. g5 Ng4 56. b5 Ne5
57. b6) 52... Kxf5 53. fxg4+ Kxg4 (53... Ke6 54. Kc6 Nd6 55. b5 e4 56. b6 e3
57. Nd5 e2 58. Nf4+ $18) 54. Kc6 Ng7 55. b5 Ne6 56. b6 Kxg3 (56... Nd8+ 57. Kc7
Ne6+ 58. Kc8 Nc5 59. Na4 Na6 (59... Ne4 60. Kc7 $18) 60. b7 Kxg3 61. Nc5 $18)
57. Ne4+ Kf4 58. Nc5 $18) 52. exf5+ (52. b5 Nb7+ 53. Kb6 Nd6 54. Kc7 g4 55.
exf5+ Nxf5 56. b6 Nd6 57. fxg4 e4 58. b7 (58. Nxe4 $2 Nxe4 59. b7 Nc5 60. b8=Q
Na6+ $11) 58... Nxb7 59. Kxb7 e3 60. Kc6 Kf6 61. Kd5 Kg5 62. Ke4 Kxg4 63. Ne2
$18) 52... Nxf5 53. Ne4 Nd4 54. Nxg5+ Kf5 55. b5 ({Klar ist} 55. Ne4 Nxf3 56.
b5 Ke6 (56... Nd4 57. b6 Nb3+ (57... Ne6+ 58. Kd6 Nd8 59. Kc7 Ne6+ 60. Kd7 Nf8+
61. Ke7 $18) 58. Kd5 Na5 59. Nc5 Kf6 60. Nb3 {[%csl Ga5,Gc5]} (60. b7 Nxb7 61.
Nxb7 Kf5 62. Nc5 Kg4 63. Ne4 Kf5 64. Nf2 $18) 60... Nb7 61. Kc6 Nd8+ 62. Kd7
Nb7 63. Kc7 $18) 57. b6 Kd7 58. Kd5 Kc8 59. Nc5 Kb8 60. Ke4 $18) 55... Kxg5 56.
b6 (56. f4+ $1 Kf5 57. b6 Ne6+ (57... Nb3+ 58. Kd5 Na5 59. fxe5 $18) 58. Kd6
Nd8 59. fxe5 Nb7+ 60. Kd5 $18) 56... Nb3+ 57. Kb4 (57. Kd6 Na5 58. Ke6 (58.
Kxe5 Nc4+) 58... Kg6 59. Kxe5 Nc4+ 60. Ke6 Nxb6 61. f4 Na4 62. f5+ Kg5 63. f6
Nc5+ 64. Ke7 Nd7 65. f7 Ne5 66. f8=Q Ng6+ $11) 57... Nd4 58. Kc5 (58. b7 Nc6+
59. Kc5 Nb8 60. Kd5 Kf6 61. g4 Na6 62. Kd6 (62. g5+ Kxg5 63. Kxe5 Nc5 $11)
62... Nb8 63. g5+ Kxg5 64. Kxe5 Na6 65. f4+ Kg6 $11) 58... Nb3+ 59. Kd5 Na5 60.
Kxe5 Nc4+ 61. Ke6 Nxb6 62. f4+ Kg4 63. f5 Nd7 64. Kxd7 Kxf5 1/2-1/2

[Event "Ehrat Memorial (SUI-GER m)"]
[Site "Zuerich"]
[Date "1999.08.13"]
[Round "1"]
[White "Jenni, Florian"]
[Black "Lutz, Christopher"]
[Result "1/2-1/2"]
[WhiteElo "2399"]
[BlackElo "2591"]
[Annotator "Hecht,H"]
[PlyCount "123"]
[EventDate "1999.08.13"]
[EventType "schev"]
[EventRounds "10"]
[EventCountry "SUI"]
[SourceTitle "CBM 073"]
[Source "ChessBase"]
[SourceDate "1999.12.01"]
[SourceVersion "1"]
[SourceVersionDate "1999.12.01"]
[SourceQuality "1"]
[WhiteTeam "Switzerland"]
[BlackTeam "Germany"]
[WhiteTeamCountry "SUI"]
[BlackTeamCountry "GER"]

1. e4 c5 2. Nf3 d6 3. d4 cxd4 4. Nxd4 Nf6 5. Nc3 a6 6. Be3 Ng4 7. Bg5 h6 8. Bh4
g5 9. Bg3 Bg7 10. Be2 h5 11. Bxg4 hxg4 12. Nd5 Nc6 13. Nf5 Bxf5 14. exf5 Bxb2
15. Rb1 Qa5+ 16. Qd2 Bd4 17. Qxa5 Nxa5 18. Rb4 Nc6 19. Rxb7 Ra7 20. Rxa7 Bxa7
21. Kd2 Kd7 22. Re1 Rb8 23. f6 e5 24. Re4 Ke6 25. Nc7+ Kxf6 26. Rxg4 Nd4 27. c3
Kf5 28. f3 Rb2+ 29. Kd3 Ne2 30. h4 f6 31. hxg5 fxg5 32. Kc4 Rxa2 33. Be1 Bc5
34. Re4 Ra4+ 35. Kd5 Nf4+ 36. Kc6 Rxe4 37. g4+ Kf6 38. fxe4 a5 39. Kb5 Nd3 40.
Nd5+ Kg6 41. Bg3 Bg1 42. Kxa5 Nc5 43. Kb5 Nxe4 44. Be1 Bf2 45. Bxf2 Nxf2 {
[#] Weiß steht aktiv genug, um keine Probleme mit dem Ausgleich zu haben.} 46.
Kc6 Nxg4 47. Kxd6 e4 48. c4 e3 49. Nc3 Kf5 50. c5 Ne5 51. Kd5 g4 52. Ne2 Nd3
53. Kd4 $1 (53. c6 $5 Nf4+ (53... Nb4+ 54. Kd4 Nxc6+ 55. Kxe3 $11) 54. Nxf4 (
54. Kd4 $2 Nxe2+ 55. Kxe3 Nc3 56. c7 Nd5+ $19) 54... Kxf4 55. c7 e2 56. c8=Q
e1=Q {Zwar hält nun jedes sinnvolle Damenschach laut ENDSPIEL-CD remis, doch
am Brett hat Schwarz praktische Gewinnchancen.}) 53... Nxc5 54. Kxc5 ({
Einfacher war} 54. Kxe3 Ne4 55. Nd4+ Ke5 56. Nf3+ $11) 54... Ke4 55. Kc4 $11
Kf3 56. Kd3 Kf2 57. Nf4 g3 58. Nh3+ Kg2 59. Nf4+ Kf3 60. Ne2 g2 61. Ng1+ Kf2
62. Ne2 1/2-1/2